Central Library OPAC University of Rajshahi

Preparative inorganic reactions / (Record no. 10387)

MARC details
000 -LEADER
fixed length control field 00828cam a22002651 4500
001 - CONTROL NUMBER
control field 10387
003 - CONTROL NUMBER IDENTIFIER
rucl marc code BD-RjUL
005 - DATE AND TIME OF LATEST TRANSACTION
control field 20211208234938.0
008 - FIXED-LENGTH DATA ELEMENTS--GENERAL INFORMATION
fixed length control field 140123m1964 nyua b 000 0 eng
020 ## - INTERNATIONAL STANDARD BOOK NUMBER
International Standard Book Number 0471446882 (v. 6) varies
035 ## - SYSTEM CONTROL NUMBER
System control number (BD-RjUL)10435
040 ## - CATALOGING SOURCE
Original cataloging agency DLC
Transcribing agency DLC
Modifying agency DLC
-- BD-RjUL
Language of cataloging eng
041 ## - LANGUAGE CODE
Language code of text/sound track or separate title eng
082 00 - DEWEY DECIMAL CLASSIFICATION NUMBER
Classification number 541.39
Author mark and year PRE
245 00 - TITLE STATEMENT
Title Preparative inorganic reactions /
Statement of responsibility, etc. Editor: William L. Jolly.
Number of part/section of a work Volume 1
260 ## - PUBLICATION, DISTRIBUTION, ETC. (IMPRINT)
Place of publication, distribution, etc. New York,
Name of publisher, distributor, etc. Interscience Publishers,
Date of publication, distribution, etc. 1964-71.
300 ## - PHYSICAL DESCRIPTION
Pagination v.1,271 p. :
Illustrations illus. ;
Size 24 cm.
500 ## - GENERAL NOTE
General note Vols. 6- have imprint: New York, Wiley-Interscience.
504 ## - BIBLIOGRAPHY, ETC. NOTE
Bibliography, etc Includes bibliographies.
650 #0 - SUBJECT ADDED ENTRY--TOPICAL TERM
Topical term or geographic name as entry element Inorganic compounds
General subdivision Synthesis.
9 (RLIN) 32109
700 1# - ADDED ENTRY--PERSONAL NAME
Personal name Jolly, William L.,
Relator term ed.
942 ## - ADDED ENTRY ELEMENTS (KOHA)
Source of classification or shelving scheme Dewey Decimal Classification
Koha item type Books
Holdings
Lost status Source of classification or shelving scheme Materials specified (bound volume or other part) Damaged status Not for loan Collection code Permanent Location Current Location Shelving location Date acquired Source of acquisition Cost, normal purchase price Total Checkouts Full call number Date last seen Copy number Koha item type
  Dewey Decimal Classification V-1   Not For Loan Non-fiction Central Library, University of Rajshahi Central Library, University of Rajshahi   28/11/1967 Sweels & Zeitlinger 89.00   541.39 PRE 1964 23/01/2014 C-1 Books